Pracovné postavenie starostu obce

Právne postavenie starostu obce v súčasnom zvolenom modeli územnej samosprávy. Pracovné prostredie starostov obcí, ich verejná funkcia, volebná funkcia a právne istoty.

Na minha lista:
Detalhes bibliográficos
Autor principal: Thurzová, Marta
Formato: Capítulo de Livro
Idioma:eslovaco
Assuntos:
Tags: Adicionar Tag
Sem tags, seja o primeiro a adicionar uma tag!

MARC

LEADER 00000naa a2200000 4500
001 r016325
005 20221214064947.2
041 0 |a slo 
044 |a SK 
245 1 0 |a Pracovné postavenie starostu obce  |c Marta Thurzová 
520 |a Právne postavenie starostu obce v súčasnom zvolenom modeli územnej samosprávy. Pracovné prostredie starostov obcí, ich verejná funkcia, volebná funkcia a právne istoty. 
610 2 0 |a starostovia 
610 2 0 |a občania 
610 2 0 |a obce 
610 2 0 |a predpisy právne 
610 2 0 |a právomoc 
610 2 0 |a správa štátna 
610 2 0 |a správa verejná 
100 1 |a Thurzová, Marta